Prezentácia učebnice: Sprache im Alltag - Ein Konversationsbuch für Fortgeschrichttene, Überbeitete Neuauflage autori: Zdenka Kanisová - Manfred Richter

Učebnica konverzácie obsahuje 19 tematických okruhov, ponúka texty a komunikatívne orientované cvičenia na získavanie komunikatívnych stratégií, zručností a kompetencií. Učebnicu možno používať na vysokých školách, jazykových školách, jazykových kurzoch.

Salvato in:
Dettagli Bibliografici
Autore principale: Kanisová, Zdenka
Natura: Capitolo di libro
Lingua:slovacco
Soggetti:
Tags: Aggiungi Tag
Nessun Tag, puoi essere il primo ad aggiungerne!!

MARC

LEADER 00000nla$a2200000$$$4500
001 0104564
005 20240502072139.6
041 0 |a slo 
044 |a SK 
245 1 0 |a Prezentácia učebnice: Sprache im Alltag - Ein Konversationsbuch für Fortgeschrichttene, Überbeitete Neuauflage  |b autori: Zdenka Kanisová - Manfred Richter  |c Zdenka Kanisová 
520 |a Učebnica konverzácie obsahuje 19 tematických okruhov, ponúka texty a komunikatívne orientované cvičenia na získavanie komunikatívnych stratégií, zručností a kompetencií. Učebnicu možno používať na vysokých školách, jazykových školách, jazykových kurzoch. 
610 2 0 |a jazyky cudzie 
610 2 0 |a nemčina 
610 2 0 |a vzdelávanie 
610 2 0 |a učebnice 
100 1 |a Kanisová, Zdenka